Car Brand Logos- Sudden Death - Statistics

General Stats
  • This quiz has been taken 4,214 times
    3,509 since last reset
  • The average score is 12 of 15
Answers on the Grid
Answers color-coded by a green-red scale on the quiz's grid according to % correct below.
 
Answer Stats
Answer % Correct
85%
84%
84%
84%
84%
84%
83%
82%
82%
82%
77%
75%
70%
66%
65%
No matching quizzes found
Score Distribution
Percent of People with Each Score
Percentile by Number Answered
Your Score History
You have not taken this quiz since the last reset